000 00607nam a2200253Ia 4500
008 160803s9999 xx 000 0 und d
020 _a978-0307929587
100 _aPaulsen, Gary
245 _aBrian's winter /
245 _cGary Paulsen.
260 _aNew York :
260 _bScholastic Inc.
260 _c1998
300 _a133 pages ;
300 _c20 cm
440 _aHatchet series ;
440 _vbk. 3.
500 _aCompanion book to: Hatchet and The river.
650 _aSurvival --
650 _aWinter --
650 _xFiction.
650 _xFiction.
700 _a1140
999 _c298620
_d298620